000 00434nam a2200145Ia 4500
008 211109s9999||||xx |||||||||||||| ||und||
082 _a578.012
_bMAY-P
100 _aMayr, Ernst
245 0 _aPrinciples Of Systematic Zoology
260 _bMc Graw-Hill Book Company
_aNew York
_c1969
300 _a428p.
630 _xReference Reading Room
650 _aNATURAL SCIENCES
_vBIOLOGYSYSTEMATIC ZOOLOGYZOOLOGY
_xGeneralia
942 _cBOOK
999 _c37030
_d37030